Criminalística (Registro nro. 6141)

Detalles MARC
000 -Cabecera
Campo de control de longitud fija 01137ata a2200433 4500
005 - Fecha y hora de la última transacción
Campo de control 20251017162707.0
008 - Elementos de longitud fija--Información general
Campo de control de longitud fija 150602b2011 xxu||||| |||| 00| 0 spa d
020 ## - International Standard Book Number
Número Internacional Estándar del Libro (ISBN) 9789681865467
041 ## - Idioma
Código de idioma Español
082 ## - Clasificación Decimal Dewey
Número de clasificación 363.25 M791c2
100 ## - Entrada principal--Autor personal
Nombre personal Montiel Sosa, Juventino
9 (RLIN) 14225
245 ## - Título propiamente dicho
Título Criminalística
250 ## - Edición
Mención de edición 2 edición
260 ## - Pie de imprenta
Lugar de publicación, distribución, etc. México
260 ## - Pie de imprenta
Nombre del editor, distribuidor, etc. Limusa
260 ## - Pie de imprenta
Fecha de publicación, distribución, etc. 2011
300 ## - Descripción física
Extensión 330 páginas
490 ## - Serie
Título de la Serie Investigación Criminal
650 ## - Materia general
Temática (materia general) CRIMINALÍSTICA
650 ## - Materia general
Temática (materia general) INVESTIGACIÓN CRIMINAL
650 ## - Materia general
Temática (materia general) INDICIOS
650 ## - Materia general
Temática (materia general) HUELLAS DIGITALES
650 ## - Materia general
Temática (materia general) MANCHAS DE SANGRE
650 ## - Materia general
Temática (materia general) INDICIOS BIOLÓGICAS
650 ## - Materia general
Temática (materia general) SITIO DEL SUCESO
650 ## - Materia general
Temática (materia general) CRIMINALÍSTICA EN EL LABORATORIO
650 ## - Materia general
Temática (materia general) HECHOS DE TRÁNSITO
650 ## - Materia general
Temática (materia general) ARMAS DE FUEGO
650 ## - Materia general
Temática (materia general) BALÍSTICA FORENSE
650 ## - Materia general
Temática (materia general) MANCHAS DE SANGRE
650 ## - Materia general
Temática (materia general) INDICIOS BIOLÓGICOS
650 ## - Materia general
Temática (materia general) SITIO DEL SUCESO
650 ## - Materia general
Temática (materia general) INDICIOS
650 ## - Materia general
Temática (materia general) HUELLAS DIGITALES
650 ## - Materia general
Temática (materia general) MANCHAS DE SANGRE
650 ## - Materia general
Temática (materia general) INDICIOS BIOLÓGICAS
650 ## - Materia general
Temática (materia general) SITIO DEL SUCESO
942 ## - Punto de acceso adicional KOHA
Tipo de ítem KOHA Libro
Fuente del sistema de clasificación o colocación Dewey Decimal Classification
Existencias
Signatura completa Código de barras Programa Académico Tipo de ítem
363.25 M791c2 17411 Investigación Criminal Libro